Výstava Život a dielo slovenského kartografa a vojenského odborníka Jána Lipského zo Sedličnej (1766-1826)

Bibliographic Details
Main Author: M.N (Author)
Format: Article
Language:Slovak
PhysicalDescription:Fot. 3.
Subjects:

MARC

LEADER 00000nab a2200000 a 4500
001 vtls000442013
003 SK-MaSNL
005 20260304082659.0
008 250424c1991 xo 0 slo
015 |a SNBRB19rr/mm-uuuuu 
035 |a CL0442143 
035 |a urn:nbn:sk:snk-ab2oax 
035 |a (urnnbn)urn:nbn:sk:snk:ar-a02p20 
035 |a (uuid)a1f0ef93-02aa-4442-bfef-55831a674249 
040 |a SNKBUCL  |b slo  |c SNKBUCL  |e AACR2 
041 0 |a slo 
044 |a xo  |c SK 
080 |a 528.9-051  |2 1981 
080 |a 355  |2 1981 
080 |a 943.76  |2 1981 
080 |a 929 Lipský, Ján  |2 1981 
100 1 |a M.N.  |4 aut  |9 840993 
245 1 0 |a Výstava Život a dielo slovenského kartografa a vojenského odborníka Jána Lipského zo Sedličnej (1766-1826)  |c M.N. ; Ján Lipský 
300 |b Fot. 3. 
600 1 7 |a Lipský, Ján,  |d 1766-1826  |2 snkbucl  |9 26099 
655 7 |a články z novín a časopisov  |2 snkbucl  |9 267496 
773 0 |t Múzeum  |g Roč. 36, č. 3 (1991), s. 46-47 
850 |a Slovenská národná knižnica 
852 |a Slovenská národná knižnica 
954 |a odborná, vedecká literatúra pôvodná (slovenská)  |2 lita 
958 |a article27 
958 |a BX 
958 |a OND 
958 |a EUIPO 
992 |a RBX 
999 |c 2797786  |d 2799716